Where are the boundaries? (Record no. 84556)

MARC details
000 -LEADER
fixed length control field 00700cab a22001935a 4500
001 - CONTROL NUMBER
control field L158308
008 - FIXED-LENGTH DATA ELEMENTS--GENERAL INFORMATION
fixed length control field 141204e20141122xxk 000 0 eng d
035 ## - SYSTEM CONTROL NUMBER
System control number (Sirsi) u158308
041 0# - LANGUAGE CODE
Language code of text/sound track or separate title eng
100 1# - MAIN ENTRY--PERSONAL NAME
Personal name Maw, Samuel
245 00 - TITLE STATEMENT
Title Where are the boundaries?
260 ## - PUBLICATION, DISTRIBUTION, ETC.
Date of publication, distribution, etc. 2014
490 ## - SERIES STATEMENT
Series statement Estates Gazette
Volume/sequential designation (1447) 22 November 2014, 105(1)
520 ## - SUMMARY, ETC.
Summary, etc. Advice on identifying the correct boundary and mitigating the risk of a dispute. Tips include not relying on the boundary as shown by Land Registry plans and retaining the pre-registration deeds before submitting any planning application.
590 ## - LOCAL NOTE (RLIN)
Local note KA
651 #4 - SUBJECT ADDED ENTRY--GEOGRAPHIC NAME
Geographic name United Kingdom
690 ## - LOCAL SUBJECT ADDED ENTRY--TOPICAL TERM (OCLC, RLIN)
Topical term or geographic name as entry element Dispute resolution
9 (RLIN) 6236
942 ## - ADDED ENTRY ELEMENTS (KOHA)
Suppress in OPAC 0
Holdings
Withdrawn status Lost status Source of classification or shelving scheme Damaged status Not for loan Home library Current library Shelving location Date acquired Total Checkouts Full call number Barcode Date last seen Copy number Price effective from Koha item type
    Dewey Decimal Classification     London London News article 04/12/2014   A158308 158308-1001 06/08/2019 1 06/08/2019 Archive